[Event "Berlin op 07"]
[Site "Berlin"]
[Date "2006.07.12"]
[Round "5"]
[White "Belostozkaja, Julia"]
[Black "Kiesekamp, Marcos"]
[Result "1/2-1/2"]
[WhiteElo "2076"]
[BlackElo "2259"]
[PlyCount "48"]
[EventDate "2006.07.08"]
[EventType "swiss"]
[EventRounds "9"]
[EventCountry "GER"]
[SourceTitle "CBM 113 Extra"]
[Source "ChessBase"]
[SourceDate "2006.09.14"]
[SourceVersion "1"]
[SourceVersionDate "2006.09.14"]
[SourceQuality "1"]

1. e4 c5 2. Nf3 Nc6 3. d4 cxd4 4. Nxd4 Nf6 5. Nc3 d6 6. Be2 e5 7. Nb3 Be7 8. Be3 0-0 9. 0-0 Be6 10. h3 a5 11. a4 Nb4 12. Qd2 Rc8 13. Bf3 d5 14. exd5 Nfxd5 15. Bxd5 Nxd5 16. Nxd5 Bxd5 17. Nxa5 Be4 18. Qxd8 Bxd8 19. Nb3 Bxc2 20. Nc5 Be7 21. b4 Rc7 22. a5 Bxc5 23. Bxc5 Re8 24. Rfc1 Bf5 1/2-1/2

[Event "Pardubice op-A"]
[Site "Pardubice"]
[Date "2005.07.24"]
[Round "3"]
[White "Kjartansson, Gudmundur"]
[Black "Belostozkaja, Julia"]
[Result "1/2-1/2"]
[WhiteElo "2230"]
[BlackElo "2106"]
[PlyCount "103"]
[EventDate "2005.07.22"]
[EventType "swiss"]
[EventRounds "9"]
[EventCountry "CZE"]
[SourceTitle "CBM 107 Extra"]
[Source "ChessBase"]
[SourceDate "2005.09.01"]
[SourceVersion "1"]
[SourceVersionDate "2005.09.01"]
[SourceQuality "1"]

1. Nf3 Nf6 2. e3 g6 3. c4 Bg7 4. Nc3 d6 5. g3 0-0 6. Bg2 Nbd7 7. 0-0 c6 8. b3 e5 9. Qc2 Re8 10. e4 Nf8 11. a4 Bg4 12. h3 Bxf3 13. Bxf3 Ne6 14. Ne2 Qd7 15. Bg2 Rac8 16. Bb2 d5 17. d3 Nh5 18. exd5 cxd5 19. Nc3 Nf6 20. Qd1 d4 21. Nd5 Nh5 22. Re1 f5 23. a5 Nc7 24. g4 Nf4 25. Nxf4 exf4 26. Qf3 fxg4 27. hxg4 g5 28. Qh3 Rxe1+ 29. Rxe1 Re8 30. Be4 h6 31. Ba3 b5 32. axb6 axb6 33. Qh5 Re5 34. f3 Qe6 35. Bb2 Qd6 36. Ra1 Ra5 37. Rxa5 bxa5 38. Qh2 Qb4 39. Qf2 Qb6 40. Kg2 Qc5 41. Qg1 Qb6 42. Qa1 Qc5 43. Qa4 Qb4 44. Qd7 Qd2+ 45. Kh3 Qf2 46. Qd8+ Bf8 47. Bd5+ Nxd5 48. Qxd5+ Kh7 49. Qf5+ Kg8 50. Qd5+ Kh7 51. Qe4+ Kg8 52. Qd5+ 1/2-1/2

[Event "Berlin Lichtenberger Sommer 3th"]
[Site "Berlin"]
[Date "2004.08.22"]
[Round "8.17"]
[White "Haemmerlein, Thomas"]
[Black "Belostozkaja, Julia"]
[Result "0-1"]
[WhiteElo "2158"]
[BlackElo "2015"]
[PlyCount "100"]
[EventDate "2004.08.14"]
[EventType "swiss"]
[EventRounds "9"]
[EventCountry "GER"]
[SourceTitle "EXT 2022"]
[Source "ChessBase"]
[SourceDate "2021.10.06"]
[SourceVersion "1"]
[SourceVersionDate "2021.10.06"]
[SourceQuality "1"]

1. g3 g6 2. Bg2 Bg7 3. e4 d6 4. Nf3 Nf6 5. Nc3 0-0 6. h3 e5 7. 0-0 Nc6 8. Re1 Re8 9. a3 Bd7 10. b4 Rb8 11. Bb2 Nd4 12. d3 c5 13. Nxd4 cxd4 14. Ne2 Rc8 15. c3 dxc3 16. Nxc3 a6 17. Re2 Be6 18. d4 Bc4 19. Re1 exd4 20. Qxd4 Ng4 21. Qd2 Ne5 22. Ne2 Nd3 23. Bxg7 Kxg7 24. Red1 Qf6 25. f4 d5 26. e5 Qb6+ 27. Kh2 Nf2 28. Rdc1 Ne4 29. Qd4 Qxd4 30. Nxd4 b5 31. Re1 Bd3 32. Re3 Bc4 33. Rc1 f5 34. Rc2 Kf7 35. g4 g5 36. e6+ Kf6 37. fxg5+ Kxg5 38. Rf3 f4 39. h4+ Kf6 40. Rxf4+ Ke5 41. Rxe4+ dxe4 42. Nf5 Rxe6 43. Rf2 Bd3 44. g5 Rc2 45. Rxc2 Bxc2 46. Ne3 Bd3 47. Kg3 Be2 48. Kf2 Bh5 49. Bh3 Rc6 50. Bf5 Rc7 0-1

[Event "Berlin Lichtenberger Sommer 3th"]
[Site "Berlin"]
[Date "2004.08.16"]
[Round "3.41"]
[White "Belostozkaja, Julia"]
[Black "Bandlow, Matthias"]
[Result "1-0"]
[WhiteElo "2015"]
[BlackElo "1813"]
[PlyCount "55"]
[EventDate "2004.08.14"]
[EventType "swiss"]
[EventRounds "9"]
[EventCountry "GER"]
[SourceTitle "EXT 2022"]
[Source "ChessBase"]
[SourceDate "2021.10.06"]
[SourceVersion "1"]
[SourceVersionDate "2021.10.06"]
[SourceQuality "1"]

1. e4 c5 2. Nf3 d6 3. d4 cxd4 4. Qxd4 Nc6 5. Bb5 a6 6. Bxc6+ bxc6 7. Nc3 c5 8. Qd3 e6 9. 0-0 Be7 10. Bf4 Nf6 11. Rad1 Bb7 12. Rfe1 d5 13. exd5 Nxd5 14. Nxd5 Qxd5 15. Qc3 Bf6 16. Qa5 Qc6 17. Rd6 Qb5 18. Qxb5+ axb5 19. Rb6 Bxf3 20. gxf3 Bxb2 21. Rxb5 Bd4 22. Bd6 Kd7 23. Bg3 Kc6 24. c4 Rxa2 25. Reb1 Rha8 26. Rb7 Bxf2+ 27. Bxf2 Rc2 28. R1b6# 1-0

[Event "BL 0304 (Women)"]
[Site "Germany"]
[Date "2004.03.14"]
[Round "9.3"]
[White "Kovalevskaya, Ekaterina"]
[Black "Belostozkaja, Julia"]
[Result "1-0"]
[WhiteElo "2443"]
[BlackElo "2058"]
[PlyCount "87"]
[EventDate "2003.11.29"]
[EventType "team-tourn"]
[EventRounds "11"]
[EventCountry "GER"]
[SourceTitle "EXT 2005"]
[Source "ChessBase"]
[SourceDate "2004.11.15"]
[SourceVersion "1"]
[SourceVersionDate "2004.11.15"]
[SourceQuality "1"]
[WhiteTeam "Baden Oos (W)"]
[BlackTeam "Grosslehna (W)"]
[WhiteTeamCountry "GER"]
[BlackTeamCountry "GER"]

1. e4 e5 2. Nf3 Nc6 3. Bb5 a6 4. Ba4 d6 5. Bxc6+ bxc6 6. d4 exd4 7. Nxd4 Bd7 8. 0-0 Nf6 9. Qf3 Ng4 10. Nxc6 Nxh2 11. Qxf7+ Kxf7 12. Nxd8+ Rxd8 13. Kxh2 g6 14. Bd2 Re8 15. Bc3 Bg7 16. Bxg7 Kxg7 17. Nc3 Bc6 18. f3 Re7 19. Rfd1 h5 20. Nd5 Rf7 21. c4 g5 22. c5 dxc5 23. Rac1 g4 24. Rxc5 Bxd5 25. Rdxd5 gxf3 26. gxf3 Rxf3 27. Rxc7+ Kf6 28. Rc6+ Ke7 29. Rg5 Rb8 30. b3 Rbf8 31. Rg7+ Kd8 32. Rxa6 Rf2+ 33. Rg2 R2f4 34. Ra8+ Ke7 35. Rxf8 Kxf8 36. Re2 Ke7 37. Kg3 Rf1 38. Rh2 Ke6 39. Rxh5 Re1 40. Kf3 Rc1 41. Ra5 Rf1+ 42. Ke2 Rb1 43. Kd2 Rb2+ 44. Kc3 1-0

[Event "Wroclaw-ch"]
[Site "Wroclaw"]
[Date "2004.??.??"]
[Round "6"]
[White "Belostozkaja, Julia"]
[Black "Grossmann, Ryszard"]
[Result "0-1"]
[WhiteElo "2030"]
[BlackElo "2205"]
[PlyCount "64"]
[EventDate "2004.??.??"]
[EventType "swiss"]
[EventRounds "9"]
[EventCountry "POL"]
[SourceTitle "EXT 2007"]
[Source "ChessBase"]
[SourceDate "2006.11.23"]
[SourceVersion "1"]
[SourceVersionDate "2006.11.23"]
[SourceQuality "1"]

1. e4 c5 2. Nf3 e6 3. d4 cxd4 4. Nxd4 a6 5. c4 Nf6 6. Nc3 d6 7. Be2 b6 8. Be3 Bb7 9. f3 Be7 10. 0-0 0-0 11. Rc1 Re8 12. Qa4 Bf8 13. Rfd1 Nbd7 14. Bg5 Rc8 15. b4 Rc7 16. Bh4 Qa8 17. Qb3 d5 18. Bg3 Rcc8 19. exd5 exd5 20. Nf5 Nh5 21. Bd6 Re6 22. Bxf8 Kxf8 23. Rd4 Nhf6 24. Rd2 g6 25. Nd4 Re3 26. Kf2 dxc4 27. Bxc4 Re7 28. a4 Ne5 29. Be2 Qb8 30. Rh1 Neg4+ 31. Kg1 Qf4 32. Nb1 Rc1+ 0-1

[Event "Wroclaw-ch"]
[Site "Wroclaw"]
[Date "2004.??.??"]
[Round "7"]
[White "Jenicek, Michal"]
[Black "Belostozkaja, Julia"]
[Result "1/2-1/2"]
[WhiteElo "2135"]
[BlackElo "2030"]
[PlyCount "74"]
[EventDate "2004.??.??"]
[EventType "swiss"]
[EventRounds "9"]
[EventCountry "POL"]
[SourceTitle "EXT 2007"]
[Source "ChessBase"]
[SourceDate "2006.11.23"]
[SourceVersion "1"]
[SourceVersionDate "2006.11.23"]
[SourceQuality "1"]

1. e4 d6 2. d4 Nf6 3. Nc3 g6 4. f4 Bg7 5. Nf3 0-0 6. Bd3 Bg4 7. 0-0 Nc6 8. Be3 e5 9. fxe5 dxe5 10. d5 Nd4 11. Be2 Bxf3 12. Bxf3 Nd7 13. Ne2 c5 14. c3 Nxf3+ 15. Rxf3 Rc8 16. Qc2 a6 17. Raf1 c4 18. Ng3 Nc5 19. Kh1 Nd3 20. Qd2 b5 21. Bh6 Rc7 22. Bxg7 Kxg7 23. Rf6 a5 24. Qg5 b4 25. Nh5+ Kh8 26. Ng3 Rd7 27. h4 Qc7 28. cxb4 axb4 29. Rc6 Qd8 30. Rxc4 Qxg5 31. hxg5 Ra8 32. Rf3 Nxb2 33. Rxb4 Rxa2 34. Rb8+ Kg7 35. Re8 Nc4 36. Rc3 Ra4 37. Rb3 h6 1/2-1/2

[Event "Berlin Lichtenberger Sommer 2nd"]
[Site "Berlin"]
[Date "2003.08.20"]
[Round "5.38"]
[White "Grigoleit, Steven"]
[Black "Belostozkaja, Julia"]
[Result "0-1"]
[WhiteElo "1793"]
[BlackElo "1998"]
[PlyCount "52"]
[EventDate "2003.08.16"]
[EventType "swiss"]
[EventRounds "9"]
[EventCountry "GER"]
[SourceTitle "EXT 2022"]
[Source "ChessBase"]
[SourceDate "2021.10.06"]
[SourceVersion "1"]
[SourceVersionDate "2021.10.06"]
[SourceQuality "1"]

1. e4 e5 2. Nf3 Nc6 3. Bc4 Nf6 4. d4 exd4 5. 0-0 Bc5 6. Re1 0-0 7. Nbd2 d6 8. Nb3 Bg4 9. Bd5 Bxf3 10. gxf3 Bb4 11. Rf1 Nxd5 12. exd5 Ne5 13. Nxd4 Qh4 14. Kg2 f5 15. f4 Bc5 16. fxe5 Bxd4 17. exd6 Rf6 18. Qf3 Be5 19. h3 Bxd6 20. Re1 Raf8 21. Bd2 f4 22. Re6 Rf5 23. c4 Rg5+ 24. Kf1 Rg3 25. fxg3 fxg3 26. Re8 Rxe8 0-1

[Event "Berlin Kreuzberg op 4th"]
[Site "Berlin"]
[Date "2003.07.12"]
[Round "8"]
[White "Brustkern, Juergen"]
[Black "Belostozkaja, Julia"]
[Result "1-0"]
[WhiteElo "2227"]
[BlackElo "2058"]
[PlyCount "149"]
[EventDate "2003.07.05"]
[EventType "swiss"]
[EventRounds "9"]
[EventCountry "GER"]
[SourceTitle "EXT 2022"]
[Source "ChessBase"]
[SourceDate "2021.10.06"]
[SourceVersion "1"]
[SourceVersionDate "2021.10.06"]
[SourceQuality "1"]

1. Nf3 Nf6 2. g3 g6 3. Bg2 Bg7 4. 0-0 0-0 5. Re1 d6 6. e4 e5 7. d4 Nc6 8. h3 Nxd4 9. Nxd4 exd4 10. Qxd4 Bd7 11. Qd1 Bc6 12. c4 Nd7 13. Nc3 a5 14. Be3 a4 15. Qc2 Qf6 16. Rad1 Ne5 17. Bd4 Nf3+ 18. Bxf3 Qxf3 19. Bxg7 Kxg7 20. Nd5 Bxd5 21. cxd5 Rfe8 22. Rd3 Qf6 23. Rc3 Ra6 24. Rxc7 a3 25. Rxb7 axb2 26. Rxb2 Qd4 27. Kg2 Ra4 28. f3 Rc4 29. Qf2 Qc3 30. Ree2 Ra4 31. Rec2 Qf6 32. h4 Rea8 33. Rb3 h5 34. Rbb2 Qe5 35. Qe2 Re8 36. Qd3 Rea8 37. Qd2 Ra3 38. Qg5 Qd4 39. Qf4 Rd3 40. Rb7 Rf8 41. Rb3 Rd1 42. Qe3 Qa4 43. Qc3+ Kh7 44. Rd2 Qa6 45. Qd3 Rxd2+ 46. Qxd2 Rc8 47. Rb2 Qa4 48. Rb4 Qa3 49. Rb7 Kg8 50. Qb2 Qa8 51. a3 Qa4 52. Rb8 Rxb8 53. Qxb8+ Kg7 54. Qb2+ Kg8 55. Kf2 Qa7+ 56. Kg2 Qa4 57. Kf2 Qa7+ 58. Ke2 Qg1 59. Qb8+ Kg7 60. Qxd6 Qg2+ 61. Ke3 Qg1+ 62. Kd3 Qf1+ 63. Kd4 Qxf3 64. Qe5+ Kg8 65. Qb8+ Kg7 66. Qe5+ Kg8 67. d6 Qxa3 68. Qe8+ Kg7 69. Qe5+ Kg8 70. Qc5 Qxg3 71. d7 Qg1+ 72. Kd5 Qd1+ 73. Kc6 Qd3 74. Kc7 Qg3+ 75. e5 1-0

[Event "Berlin Unicorn op"]
[Site "Berlin"]
[Date "2003.06.01"]
[Round "7"]
[White "Belostozkaja, Julia"]
[Black "Prudlo, Simon"]
[Result "0-1"]
[WhiteElo "2074"]
[BlackElo "2112"]
[PlyCount "74"]
[EventDate "2003.05.28"]
[EventType "swiss"]
[EventRounds "7"]
[EventCountry "GER"]
[SourceTitle "CBM 094 Extra"]
[Source "ChessBase"]
[SourceDate "2003.07.09"]
[SourceVersion "2"]
[SourceVersionDate "2003.07.09"]
[SourceQuality "1"]

1. e4 c5 2. Nf3 Nc6 3. d4 cxd4 4. Nxd4 g6 5. Nxc6 bxc6 6. Qd4 Nf6 7. e5 Nd5 8. e6 f6 9. exd7+ Bxd7 10. Bc4 Qb6 11. Qxb6 axb6 12. Bxd5 cxd5 13. Nc3 Bc6 14. 0-0 e5 15. Rd1 d4 16. Ne2 0-0-0 17. a3 Bb5 18. Ng3 f5 19. a4 Bc6 20. Bg5 Rd6 21. b4 f4 22. b5 Bb7 23. Ne2 h6 24. Bxf4 exf4 25. Nxf4 Bg7 26. c4 d3 27. Ra2 Rhd8 28. a5 Be5 29. Nh3 Kc7 30. c5 bxc5 31. b6+ Kb8 32. a6 c4 33. axb7 c3 34. Rda1 Rxb6 35. Ra8+ Kc7 36. f4 Bd4+ 37. Kf1 c2 0-1

[Event "Berlin Unicorn op"]
[Site "Berlin"]
[Date "2003.05.30"]
[Round "4"]
[White "Brener, Ilja"]
[Black "Belostozkaja, Julia"]
[Result "1-0"]
[WhiteElo "2113"]
[BlackElo "2074"]
[PlyCount "97"]
[EventDate "2003.05.28"]
[EventType "swiss"]
[EventRounds "7"]
[EventCountry "GER"]
[SourceTitle "CBM 094 Extra"]
[Source "ChessBase"]
[SourceDate "2003.07.09"]
[SourceVersion "2"]
[SourceVersionDate "2003.07.09"]
[SourceQuality "1"]

1. d4 g6 2. e4 d6 3. Be3 Nf6 4. Nd2 Ng4 5. Bg5 Bg7 6. Be2 Nf6 7. Ngf3 h6 8. Bh4 Bg4 9. c3 Nbd7 10. Bg3 0-0 11. 0-0 Nh5 12. Bc4 c5 13. d5 Nxg3 14. hxg3 Ne5 15. Be2 Nxf3+ 16. Bxf3 Bd7 17. Bg4 b5 18. Rb1 a5 19. f4 a4 20. Bxd7 Qxd7 21. Qf3 Qa7 22. Kh2 Rab8 23. Qe3 Qd7 24. Nf3 b4 25. c4 e6 26. Qd3 Rfe8 27. Rfe1 Re7 28. Re2 Rbe8 29. Rbe1 exd5 30. cxd5 Qc8 31. Qc4 Qc7 32. Rd1 f6 33. Nh4 Kh7 34. f5 g5 35. Nf3 Ra8 36. Nd2 Qc8 37. Qd3 Rb7 38. Nc4 Bf8 39. e5 dxe5 40. d6 Qd7 41. Qd5 Rc8 42. Qe6 Qd8 43. d7 Rcc7 44. Qf7+ Kh8 45. Qxf8+ Qxf8 46. d8Q Qxd8 47. Rxd8+ Kg7 48. Red2 Re7 49. Nd6 1-0

[Event "Berlin Kreuzberg op 3th"]
[Site "Berlin"]
[Date "2002.07.09"]
[Round "4"]
[White "Postler, Reinhard"]
[Black "Belostozkaja, Julia"]
[Result "1/2-1/2"]
[WhiteElo "2308"]
[BlackElo "2085"]
[PlyCount "97"]
[EventDate "2002.07.06"]
[EventType "swiss"]
[EventRounds "9"]
[EventCountry "GER"]
[SourceTitle "EXT 2022"]
[Source "ChessBase"]
[SourceDate "2021.10.06"]
[SourceVersion "1"]
[SourceVersionDate "2021.10.06"]
[SourceQuality "1"]

1. e4 e5 2. Nf3 Nc6 3. Bb5 a6 4. Ba4 Nf6 5. 0-0 Be7 6. Re1 b5 7. Bb3 d6 8. c3 0-0 9. d3 Na5 10. Bc2 c5 11. Nbd2 Nc6 12. Nf1 Be6 13. Ng3 g6 14. Bh6 Re8 15. h3 Bf8 16. Qd2 Kh8 17. Bxf8 Rxf8 18. Ng5 d5 19. f4 dxe4 20. N3xe4 Nxe4 21. Nxe4 c4 22. dxc4 Qxd2 23. Nxd2 exf4 24. cxb5 axb5 25. a4 b4 26. Ne4 b3 27. Bd3 Ne5 28. Bb5 Bc4 29. Nc5 f6 30. Bxc4 Nxc4 31. Re4 Nxb2 32. Rb1 Rfc8 33. Rxb2 Rxc5 34. Rxb3 g5 35. Re7 Rca5 36. Rbb7 h5 37. Rh7+ Kg8 38. Rbg7+ Kf8 39. Rf7+ Kg8 40. Rfg7+ Kf8 41. Rf7+ Kg8 42. Rhg7+ Kh8 43. Rg6 Rxa4 44. Rfxf6 R4a5 45. Rc6 Re8 46. Ra6 Rb5 47. Rh6+ Kg7 48. Rag6+ Kf7 49. Rf6+ 1/2-1/2

[Event "Berlin Kreuzberg op 3th"]
[Site "Berlin"]
[Date "2002.07.07"]
[Round "2"]
[White "Kalinichev, Andrey"]
[Black "Belostozkaja, Julia"]
[Result "1-0"]
[WhiteElo "2277"]
[BlackElo "2085"]
[PlyCount "69"]
[EventDate "2002.07.06"]
[EventType "swiss"]
[EventRounds "9"]
[EventCountry "GER"]
[SourceTitle "EXT 2022"]
[Source "ChessBase"]
[SourceDate "2021.10.06"]
[SourceVersion "1"]
[SourceVersionDate "2021.10.06"]
[SourceQuality "1"]

1. d4 Nf6 2. Bg5 g6 3. Bxf6 exf6 4. e3 Bg7 5. g3 0-0 6. Bg2 d6 7. Ne2 c6 8. c4 f5 9. Nd2 Nd7 10. 0-0 Nf6 11. Nc3 Re8 12. Qc2 Bd7 13. b4 Rc8 14. Rac1 Ng4 15. h3 Nf6 16. Rfe1 Nh5 17. Ne2 g5 18. d5 cxd5 19. Bxd5 Qb6 20. Qb3 Re7 21. Bf3 g4 22. hxg4 fxg4 23. Bd5 Rce8 24. Nf1 Bc6 25. Red1 Bxd5 26. Rxd5 Nf6 27. Rf5 Ne4 28. Nf4 Qc6 29. Qd1 Nf6 30. Nd5 Nxd5 31. cxd5 Qd7 32. Qxg4 Re4 33. Qh5 Rxb4 34. Rg5 f6 35. Rc7 1-0

[Event "BL2 West 0102 (Women)"]
[Site "Germany"]
[Date "2002.03.03"]
[Round "7.2"]
[White "Belostozkaja, Julia"]
[Black "Gara, Ticia"]
[Result "1/2-1/2"]
[WhiteElo "2105"]
[BlackElo "2381"]
[PlyCount "155"]
[EventDate "2001.10.27"]
[EventType "team-tourn"]
[EventRounds "7"]
[EventCountry "GER"]
[SourceTitle "EXT 2003"]
[Source "ChessBase"]
[SourceDate "2002.11.25"]
[SourceVersion "1"]
[SourceVersionDate "2002.11.25"]
[SourceQuality "1"]
[WhiteTeam "Waltershausen"]
[BlackTeam "Leipzig VGG (W)"]
[WhiteTeamCountry "GER"]
[BlackTeamCountry "GER"]

1. e4 c5 2. Nf3 d6 3. d4 cxd4 4. Nxd4 Nf6 5. Nc3 Nc6 6. Be2 e5 7. Nb3 Be7 8. 0-0 a5 9. a4 Be6 10. Bg5 0-0 11. Qd2 Nb4 12. Rfd1 Rc8 13. Bd3 h6 14. Bxf6 Bxf6 15. Qe2 Qb6 16. Nd5 Nxd5 17. exd5 Bxd5 18. Bh7+ Kxh7 19. Rxd5 Qc7 20. Nxa5 b6 21. Qd3+ Kg8 22. Nb3 Qxc2 23. Qxc2 Rxc2 24. Rxd6 Rxb2 25. Rxb6 e4 26. Rf1 Ra8 27. a5 Rxa5 28. Nxa5 Rxb6 29. Nc4 Rb4 30. Nd6 Be7 31. Nf5 Bc5 32. Rd1 Rb2 33. Rf1 Rb4 34. Re1 Rb2 35. Rf1 Kh7 36. Ng3 e3 37. fxe3 Bxe3+ 38. Kh1 Kg6 39. Nf5 Bg5 40. Nd6 f6 41. Nf5 Rb5 42. h4 Bd2 43. h5+ Kxh5 44. Nxg7+ Kg6 45. Rd1 Be3 46. Rd7 Rb1+ 47. Kh2 Bf4+ 48. Kh3 Rb3+ 49. Kg4 Bg5 50. g3 h5+ 51. Kh3 h4 52. Ne6 Rxg3+ 53. Kh2 Kf5 54. Ng7+ Kg4 55. Rd4+ Bf4 56. Nh5 Kxh5 57. Rxf4 Kg5 58. Rb4 f5 59. Rb8 f4 60. Rg8+ Kf5 61. Rh8 Kg4 62. Rg8+ Kf3 63. Ra8 Rg2+ 64. Kh3 Rd2 65. Ra3+ Kf2 66. Kg4 Rd4 67. Kxh4 f3+ 68. Kh3 Rd8 69. Ra2+ Ke3 70. Ra3+ Rd3 71. Ra1 Ke2 72. Kg3 f2+ 73. Kg2 Ra3 74. Rb1 Ra2 75. Rf1 Ke3 76. Kg3 Ra8 77. Rb1 Rg8+ 78. Kh2 1/2-1/2

[Event "Dresden ZMD op"]
[Site "Dresden"]
[Date "2002.??.??"]
[Round "6"]
[White "Belostozkaja, Julia"]
[Black "Seifert, Volker"]
[Result "0-1"]
[WhiteElo "2085"]
[BlackElo "2305"]
[PlyCount "70"]
[EventDate "2002.07.18"]
[EventType "swiss"]
[EventRounds "9"]
[EventCountry "GER"]
[SourceTitle "EXT 2003"]
[Source "ChessBase"]
[SourceDate "2002.11.25"]
[SourceVersion "1"]
[SourceVersionDate "2002.11.25"]
[SourceQuality "1"]

1. e4 e6 2. d4 d5 3. Nc3 Bb4 4. e5 Ne7 5. Nf3 c5 6. a3 Bxc3+ 7. bxc3 Bd7 8. a4 Qa5 9. Bd2 Nbc6 10. g3 Rc8 11. Bd3 c4 12. Bf1 0-0 13. Bg2 f6 14. 0-0 fxe5 15. dxe5 Nf5 16. Re1 h6 17. g4 Nfe7 18. g5 Nf5 19. gxh6 gxh6 20. Nh4 Nce7 21. Nxf5 Nxf5 22. Bh3 Kh8 23. Qh5 Be8 24. Qf3 Bc6 25. Bxf5 Rxf5 26. Qh3 h5 27. Qe3 Rg8+ 28. Kf1 Rg6 29. Qd4 Qc7 30. f4 Qe7 31. Qf2 d4 32. cxd4 Qg7 33. Ra3 Rg2 34. Qh4 Rxd2 35. Rg3 Qf8 0-1

[Event "BL2 West 0102 (Women)"]
[Site "Germany"]
[Date "2001.12.02"]
[Round "4.3"]
[White "Olschok, Heidi"]
[Black "Belostozkaja, Julia"]
[Result "0-1"]
[WhiteElo "1581"]
[BlackElo "2105"]
[PlyCount "74"]
[EventDate "2001.10.27"]
[EventType "team-tourn"]
[EventRounds "7"]
[EventCountry "GER"]
[SourceTitle "EXT 2003"]
[Source "ChessBase"]
[SourceDate "2002.11.25"]
[SourceVersion "1"]
[SourceVersionDate "2002.11.25"]
[SourceQuality "1"]
[WhiteTeam "Unterpfaffenhofen (W)"]
[BlackTeam "Waltershausen"]
[WhiteTeamCountry "GER"]
[BlackTeamCountry "GER"]

1. d4 g6 2. Bf4 d6 3. Nf3 Nf6 4. h3 Bg7 5. e3 0-0 6. Bc4 Nbd7 7. 0-0 c6 8. Nbd2 b5 9. Be2 Re8 10. c4 a6 11. Rc1 Bb7 12. b3 e5 13. dxe5 dxe5 14. Bh2 Qe7 15. Qc2 e4 16. Ne1 Rac8 17. c5 Nd5 18. Bd6 Qe6 19. Nb1 a5 20. a3 Ra8 21. Qd1 Qf6 22. Nc2 Qg5 23. Nd4 Nxe3 24. fxe3 Qxe3+ 25. Kh1 Qxd4 26. Qxd4 Bxd4 27. Rcd1 Bxc5 28. Bxc5 Nxc5 29. b4 axb4 30. axb4 Ra2 31. Nc3 Rc2 32. bxc5 Rxc3 33. Rd7 Bc8 34. Rdxf7 Rxc5 35. Bd1 Be6 36. R7f4 Bd5 37. Bg4 e3 0-1

[Event "BL2 West 0102 (Women)"]
[Site "Germany"]
[Date "2001.10.27"]
[Round "1.3"]
[White "Manigk, Gabriele"]
[Black "Belostozkaja, Julia"]
[Result "0-1"]
[WhiteElo "1665"]
[BlackElo "2105"]
[PlyCount "65"]
[EventDate "2001.10.27"]
[EventType "team-tourn"]
[EventRounds "7"]
[EventCountry "GER"]
[SourceTitle "EXT 2003"]
[Source "ChessBase"]
[SourceDate "2002.11.25"]
[SourceVersion "1"]
[SourceVersionDate "2002.11.25"]
[SourceQuality "1"]
[WhiteTeam "Halle II"]
[BlackTeam "Waltershausen"]
[WhiteTeamCountry "GER"]
[BlackTeamCountry "GER"]

1. e4 d6 2. f4 g6 3. Nf3 Bg7 4. g3 Nf6 5. Nc3 0-0 6. Bg2 c5 7. 0-0 Nc6 8. h3 Bd7 9. d3 Rb8 10. Be3 b5 11. e5 Ne8 12. Qd2 Nc7 13. Ne4 Nd5 14. Bf2 f5 15. Neg5 Nc7 16. Nh2 h6 17. Ngf3 dxe5 18. Nxe5 Nxe5 19. fxe5 Ne6 20. c3 Qc7 21. Nf3 Bc6 22. d4 Qb7 23. Be3 g5 24. Rad1 Rbd8 25. Qc2 Be4 26. Qe2 f4 27. gxf4 gxf4 28. Bf2 cxd4 29. cxd4 Rc8 30. Rc1 Ng5 31. Bh4 Rxc1 32. Bxg5 Rxf1+ 33. Qxf1 0-1

[Event "BL2 West 0001 (Women)"]
[Site "Germany"]
[Date "2001.??.??"]
[Round "?"]
[White "Henrichs, Wenke"]
[Black "Belostozkaja, Julia"]
[Result "0-1"]
[WhiteElo "2090"]
[BlackElo "2132"]
[PlyCount "80"]
[EventDate "2000.??.??"]
[EventType "team-tourn"]
[EventRounds "7"]
[EventCountry "GER"]
[SourceTitle "EXT 2002"]
[Source "ChessBase"]
[SourceDate "2001.11.25"]
[SourceVersion "1"]
[SourceVersionDate "2001.11.25"]
[SourceQuality "1"]

1. e4 d6 2. d4 Nf6 3. Nc3 g6 4. Be2 Bg7 5. Be3 0-0 6. f4 c6 7. Nf3 Nbd7 8. e5 Ng4 9. Bd2 c5 10. h3 Nh6 11. Ne4 cxd4 12. exd6 exd6 13. Nxd6 Nc5 14. Nxc8 Rxc8 15. Ne5 Qh4+ 16. Kf1 Ne4 17. Qe1 Ng3+ 18. Kg1 Nhf5 19. Bd3 Nxh1 20. Qxh4 Nxh4 21. Kxh1 Nf5 22. Re1 Nd6 23. Kg1 Rfe8 24. Bb4 Bxe5 25. fxe5 Nc4 26. b3 Nxe5 27. Bb5 Nc6 28. Bd2 Rxe1+ 29. Bxe1 Ne5 30. Bf2 Rxc2 31. Bxd4 Rxa2 32. Ba4 Nc6 33. Bc3 a6 34. Bxc6 bxc6 35. Be1 c5 36. Bg3 Rb2 37. Bd6 Rxb3 38. Bxc5 a5 39. Kf1 a4 40. Ke1 a3 0-1

[Event "Kreuzberg 2000"]
[Site "Berlin"]
[Date "2000.07.28"]
[Round "7"]
[White "Belostozkaja, Julia"]
[Black "Boewer, Roland"]
[Result "1-0"]
[WhiteElo "2108"]
[BlackElo "2241"]
[PlyCount "148"]
[EventDate "2000.07.??"]
[EventType "swiss"]
[EventRounds "9"]
[EventCountry "GER"]
[SourceTitle "EXT 2001"]
[Source "ChessBase"]
[SourceDate "2000.11.22"]
[SourceVersion "1"]
[SourceVersionDate "2000.11.22"]
[SourceQuality "1"]

1. e4 c5 2. Nf3 d6 3. d4 cxd4 4. Nxd4 Nf6 5. Nc3 a6 6. Be2 e6 7. a4 Qc7 8. Be3 Nc6 9. 0-0 Be7 10. Qd2 0-0 11. Nb3 b6 12. f4 Bb7 13. Bf3 Rab8 14. Qf2 Ba8 15. Qg3 Nb4 16. Nd4 Rfe8 17. e5 Nfd5 18. Bxd5 Nxd5 19. Nxd5 Bxd5 20. f5 Bf8 21. Bh6 Kh8 22. exd6 Qc5 23. Be3 Bxd6 24. Qf2 Qc7 25. g3 e5 26. Nb3 f6 27. Rfd1 Ba8 28. h3 Be7 29. Kh2 Red8 30. Rdc1 Qc6 31. a5 bxa5 32. Rxa5 Bb4 33. Raa1 Rbc8 34. c3 Bf8 35. Qe2 Qe4 36. Nd2 Qxf5 37. Rxa6 Qd3 38. Qxd3 Rxd3 39. Nf1 Bb7 40. Rb6 Bd5 41. c4 Bf3 42. Kg1 Be2 43. Bf2 e4 44. b4 g6 45. c5 Bh6 46. Re1 Bxf1 47. Kxf1 f5 48. Rb1 f4 49. gxf4 Bxf4 50. Re6 e3 51. Be1 Ra3 52. Rb2 e2+ 53. Kg2 Re3 54. Rxe3 Bxe3 55. Bc3+ Kg8 56. Rxe2 Bxc5 57. bxc5 Rxc5 58. Re3 Kf7 59. Kf3 Rc4 60. Be5 h6 61. Kg3 g5 62. Rf3+ Ke6 63. Rc3 Ra4 64. Bg7 h5 65. Bh6 Ra5 66. Bf8 Kf5 67. Rc5+ Rxc5 68. Bxc5 Ke5 69. Bg1 Ke4 70. Kf2 Kf4 71. Bh2+ Ke4 72. Bc7 Kf5 73. Ke3 Kf6 74. Ke4 Kg6 1-0